| 000 | 00371nam a2200145Ia 4500 | ||
|---|---|---|---|
| 005 | 20251222175933.0 | ||
| 008 | 251222s9999||||xx |||||||||||||| ||spa|| | ||
| 020 | _a9786123112950 | ||
| 082 | _a348.8/S17 | ||
| 100 | _aSalas Alarcón, Magaly | ||
| 245 | 0 | _aManual de Reclamos y Procedimientos Laborales | |
| 250 | _a1ra.ed. | ||
| 264 | _bGaceta Jurídica | ||
| 942 | _cLIB | ||
| 999 |
_c41118 _d41118 |
||